[Event "GER-ch Seniors 50"]
[Site "Hamburg"]
[Date "2018.07.26"]
[Round "6"]
[White "Von Kiedrowski, Klemens"]
[Black "Luebeck, Stephan"]
[Result "1-0"]
[WhiteElo "2084"]
[BlackElo "1984"]
[PlyCount "65"]
[EventDate "2018.07.21"]
[EventType "swiss"]
[EventRounds "9"]
[EventCountry "GER"]
[SourceTitle "CBM 186 Extra"]
[Source "ChessBase"]
[SourceDate "2018.08.24"]
[SourceVersion "1"]
[SourceVersionDate "2018.08.24"]
[SourceQuality "1"]

1. f4 g6 2. Nf3 Bg7 3. g3 c5 4. Bg2 Nc6 5. 0-0 e6 6. c3 d5 7. d3 Nge7 8. Qc2 d4 9. e4 0-0 10. c4 e5 11. fxe5 Nxe5 12. Nxe5 Bxe5 13. Bf4 Nc6 14. Nd2 Bg4 15. Nf3 Bxf3 16. Rxf3 Qe7 17. Qd2 Bg7 18. Bh3 b6 19. Raf1 f6 20. g4 Ne5 21. Rg3 Nf7 22. Rgf3 Ng5 23. Rg3 Ne6 24. Rgf3 Rae8 25. Qc1 Rf7 26. Bd2 Ref8 27. Bg2 Rd8 28. e5 Rdf8 29. exf6 Rxf6 30. Rxf6 Rxf6 31. Bd5 Rxf1+ 32. Qxf1 Be5 33. Qe2 1-0

[Event "GER-ch Seniors 50"]
[Site "Hamburg"]
[Date "2018.07.25"]
[Round "5"]
[White "Koehler, Gerhard"]
[Black "Von Kiedrowski, Klemens"]
[Result "1-0"]
[WhiteElo "2181"]
[BlackElo "2084"]
[PlyCount "81"]
[EventDate "2018.07.21"]
[EventType "swiss"]
[EventRounds "9"]
[EventCountry "GER"]
[SourceTitle "CBM 186 Extra"]
[Source "ChessBase"]
[SourceDate "2018.08.24"]
[SourceVersion "1"]
[SourceVersionDate "2018.08.24"]
[SourceQuality "1"]

1. c4 c5 2. g3 Nc6 3. Bg2 g6 4. Nc3 Bg7 5. a3 d6 6. Rb1 a5 7. Nf3 e6 8. d3 Nge7 9. h4 h6 10. Bf4 e5 11. Bd2 Be6 12. Qb3 0-0 13. Nd5 Rb8 14. Nxe7+ Qxe7 15. 0-0 b5 16. Qc2 e4 17. dxe4 Bxc4 18. Bf4 Rbd8 19. Qd2 Kh7 20. b3 Be6 21. Rfd1 d5 22. exd5 Bxd5 23. Qe3 Qxe3 24. Bxe3 Bxf3 25. Bxf3 Nd4 26. Bxd4 Bxd4 27. e3 Bc3 28. Be2 b4 29. a4 Kg7 30. Kf1 Kf6 31. Bc4 Ke7 32. Ke2 f6 33. Bd3 g5 34. Rh1 Rh8 35. Rbd1 Bb2 36. Kf3 h5 37. Bc4 Rxd1 38. Rxd1 Be5 39. Rd5 gxh4 40. gxh4 Bd6 41. Ke4 1-0

[Event "GER-ch Seniors 50"]
[Site "Hamburg"]
[Date "2018.07.24"]
[Round "4"]
[White "Von Kiedrowski, Klemens"]
[Black "Herlan, Klaus Juergen"]
[Result "1/2-1/2"]
[WhiteElo "2084"]
[BlackElo "1952"]
[PlyCount "54"]
[EventDate "2018.07.21"]
[EventType "swiss"]
[EventRounds "9"]
[EventCountry "GER"]
[SourceTitle "CBM 186 Extra"]
[Source "ChessBase"]
[SourceDate "2018.08.24"]
[SourceVersion "1"]
[SourceVersionDate "2018.08.24"]
[SourceQuality "1"]

1. c4 c5 2. Nc3 Nf6 3. e4 d6 4. g3 b6 5. Bg2 Bb7 6. Nge2 Nbd7 7. 0-0 e6 8. d4 cxd4 9. Nxd4 a6 10. b3 Qc7 11. Bb2 Be7 12. Qe2 0-0 13. Kh1 Rfe8 14. f4 Bf8 15. Nc2 Rac8 16. Rae1 e5 17. f5 b5 18. cxb5 axb5 19. Qxb5 Nc5 20. Nb4 Rb8 21. Qc4 Qa5 22. a3 Rec8 23. Qe2 Nxb3 24. Ncd5 Nxd5 25. exd5 Nc5 26. g4 Ba6 27. Nxa6 Nxa6 1/2-1/2

[Event "GER-ch Seniors 50"]
[Site "Hamburg"]
[Date "2018.07.22"]
[Round "2"]
[White "Von Kiedrowski, Klemens"]
[Black "Raddatz, Michael"]
[Result "1/2-1/2"]
[WhiteElo "2084"]
[BlackElo "2003"]
[PlyCount "92"]
[EventDate "2018.07.21"]
[EventType "swiss"]
[EventRounds "9"]
[EventCountry "GER"]
[SourceTitle "CBM 186 Extra"]
[Source "ChessBase"]
[SourceDate "2018.08.24"]
[SourceVersion "1"]
[SourceVersionDate "2018.08.24"]
[SourceQuality "1"]

1. d4 g6 2. e4 Bg7 3. Nf3 d6 4. Bc4 Nc6 5. h3 e5 6. c3 Nf6 7. Nbd2 0-0 8. d5 Ne7 9. g4 h6 10. g5 Nh5 11. Nf1 Nf4 12. Bxf4 exf4 13. Qd2 f5 14. gxh6 Bxh6 15. e5 Kh7 16. 0-0-0 dxe5 17. Nxe5 Qd6 18. Nf3 c6 19. dxc6 Qxc6 20. Qe2 Qe4 21. N1d2 Qxe2 22. Bxe2 Nc6 23. h4 Be6 24. Ng5+ Bxg5 25. hxg5+ Kg7 26. Bc4 Rae8 27. Rh4 Ne5 28. Bxe6 Rxe6 29. Kc2 Rh8 30. Rxh8 Kxh8 31. Re1 Re7 32. Nf3 Nc6 33. Rxe7 Nxe7 34. Kd3 Nc8 35. Kd4 Nd6 36. a4 Ne4 37. a5 Kg7 38. a6 bxa6 39. c4 Kf7 40. Ne5+ Ke6 41. Nxg6 Nxg5 42. Nxf4+ Kd6 43. c5+ Kc6 44. Nd3 Nf3+ 45. Ke3 Ng5 46. Kd4 Nf3+ 1/2-1/2

[Event "Hessen-chA"]
[Site "Marburg"]
[Date "2006.04.14"]
[Round "8.2"]
[White "Rubel, Julian"]
[Black "Von Kiedrowski, Klemens"]
[Result "1/2-1/2"]
[WhiteElo "2111"]
[BlackElo "2087"]
[PlyCount "137"]
[EventDate "2006.04.08"]
[EventType "swiss"]
[EventRounds "9"]
[EventCountry "GER"]
[SourceTitle "EXT 2007"]
[Source "ChessBase"]
[SourceDate "2006.11.23"]
[SourceVersion "1"]
[SourceVersionDate "2006.11.23"]
[SourceQuality "1"]

1. d4 d6 2. e4 Nf6 3. Nc3 c6 4. Be3 Nbd7 5. Nf3 e5 6. Bc4 Be7 7. a4 Ng4 8. Bc1 0-0 9. h3 Ngf6 10. 0-0 Nxe4 11. Nxe4 d5 12. Nxe5 Nxe5 13. dxe5 dxc4 14. Nd6 Bxd6 15. exd6 Be6 16. Qd4 Qa5 17. Bf4 Qd5 18. Qc3 Rfd8 19. Rad1 Qf5 20. Bg3 Rd7 21. Rfe1 a6 22. Re5 Qg6 23. Rd2 h6 24. Kh2 Kh7 25. Re3 Rg8 26. Be5 f6 27. Bg3 Bd5 28. f3 Rgd8 29. Qd4 Qf5 30. Rde2 Kg8 31. Qb6 Kh7 32. Re7 Kg6 33. Qd4 Kh7 34. Qe3 Qg6 35. Qc3 Qf5 36. Qb4 Qg6 37. b3 cxb3 38. c4 Bf7 39. Qxb3 b5 40. axb5 axb5 41. Qa3 Bxc4 42. R2e3 Qb1 43. Rxd7 Rxd7 44. Qa8 Bd5 45. Re8 Qf5 46. Re7 c5 47. Qf8 Rxe7 48. dxe7 Bc6 49. e8Q Bxe8 50. Qxe8 b4 51. Qe2 Qd5 52. Be1 Qb3 53. Qe7 Qd1 54. Qe3 f5 55. Bd2 Qc2 56. Kg3 Kg6 57. Kh4 Kf6 58. f4 Kf7 59. g4 fxg4 60. Kxg4 Qd1+ 61. Kg3 Qc2 62. Be1 Qg6+ 63. Kf3 Qh5+ 64. Kf2 Qd5 65. Ke2 Qa2+ 66. Qd2 Qe6+ 67. Qe3 Qa2+ 68. Qd2 Qe6+ 69. Qe3 1/2-1/2

[Event "Hessen-chA"]
[Site "Marburg"]
[Date "2006.04.12"]
[Round "6.7"]
[White "Von Kiedrowski, Klemens"]
[Black "Ahrends, Norbert"]
[Result "1-0"]
[WhiteElo "2087"]
[BlackElo "2065"]
[PlyCount "81"]
[EventDate "2006.04.08"]
[EventType "swiss"]
[EventRounds "9"]
[EventCountry "GER"]
[SourceTitle "EXT 2007"]
[Source "ChessBase"]
[SourceDate "2006.11.23"]
[SourceVersion "1"]
[SourceVersionDate "2006.11.23"]
[SourceQuality "1"]

1. e4 c5 2. c4 Nc6 3. Nc3 Nf6 4. g3 d6 5. Bg2 g6 6. Nge2 Bg7 7. 0-0 0-0 8. Rb1 Be6 9. d3 Qc8 10. a3 Bh3 11. b4 Bxg2 12. Kxg2 a6 13. h3 Nd7 14. Be3 Nd4 15. Qd2 f5 16. f4 Nxe2 17. Nxe2 fxe4 18. dxe4 Nf6 19. e5 Qc6+ 20. Kh2 dxe5 21. Bxc5 Ne4 22. Qe3 Nxc5 23. bxc5 exf4 24. Nxf4 e5 25. Nd5 Kh8 26. h4 Rxf1 27. Rxf1 Qa4 28. Nb6 Qe8 29. Nxa8 Qxa8 30. Qe4 Qc8 31. Qd5 h5 32. Rb1 Qg4 33. Rxb7 Qe2+ 34. Qg2 Qxc4 35. c6 e4 36. c7 Kh7 37. Qb2 Kh6 38. Qxg7+ Kxg7 39. c8Q+ Qf7 40. Rxf7+ Kxf7 41. Qd7+ 1-0

[Event "Hessen-ch MVT"]
[Site "Offenbach"]
[Date "2005.04.02"]
[Round "8"]
[White "Von Kiedrowski, Klemens"]
[Black "Benninger, Rudolf"]
[Result "1-0"]
[WhiteElo "2084"]
[BlackElo "2169"]
[PlyCount "59"]
[EventDate "2005.03.28"]
[EventType "swiss"]
[EventRounds "9"]
[EventCountry "GER"]
[SourceTitle "EXT 2006"]
[Source "ChessBase"]
[SourceDate "2005.11.24"]
[SourceVersion "1"]
[SourceVersionDate "2005.11.24"]
[SourceQuality "1"]

1. d4 g6 2. Nf3 Bg7 3. c3 d5 4. Bf4 Nf6 5. h3 0-0 6. e3 Nc6 7. Be2 Nd7 8. 0-0 e5 9. Bh2 e4 10. Nfd2 Ne7 11. c4 c6 12. Nc3 f5 13. cxd5 Nxd5 14. Nxd5 cxd5 15. Qb3 Qa5 16. Nb1 Nb6 17. Nc3 Bd7 18. Bd6 Rfc8 19. Bb4 Rxc3 20. Bxa5 Rxb3 21. axb3 Nc8 22. Bb4 a6 23. Ra5 Bc6 24. Rc1 Na7 25. Rca1 Rc8 26. Rc1 Ra8 27. Bxa6 bxa6 28. Rxa6 Bb5 29. Ra5 Bd3 30. Rc7 1-0

[Event "Hessen-ch MVT"]
[Site "Offenbach"]
[Date "2005.04.01"]
[Round "6"]
[White "Von Kiedrowski, Klemens"]
[Black "Bender, Dirk"]
[Result "1-0"]
[WhiteElo "2084"]
[BlackElo "2142"]
[PlyCount "59"]
[EventDate "2005.03.28"]
[EventType "swiss"]
[EventRounds "9"]
[EventCountry "GER"]
[SourceTitle "EXT 2006"]
[Source "ChessBase"]
[SourceDate "2005.11.24"]
[SourceVersion "1"]
[SourceVersionDate "2005.11.24"]
[SourceQuality "1"]

1. d4 c5 2. d5 e6 3. e4 exd5 4. exd5 d6 5. c4 Be7 6. Nc3 Nf6 7. Bd3 0-0 8. Nge2 Na6 9. 0-0 Bd7 10. Ng3 Nc7 11. a4 a6 12. a5 Rb8 13. Nf5 Bxf5 14. Bxf5 Nce8 15. Re1 Nd7 16. Qa4 b5 17. cxb5 axb5 18. Nxb5 Ne5 19. f4 Bh4 20. Re2 Qf6 21. Bd2 Ng4 22. g3 Rxb5 23. Qxb5 Qd4+ 24. Kg2 Qxd5+ 25. Be4 Qh5 26. Bf3 Bxg3 27. Kxg3 Nef6 28. h3 Qg6 29. hxg4 Nxg4 30. f5 1-0

[Event "Hessen-ch VM"]
[Site "Moerlenbach"]
[Date "2004.04.07"]
[Round "8"]
[White "Von Kiedrowski, Klemens"]
[Black "Warnk, Torsten"]
[Result "1/2-1/2"]
[WhiteElo "2089"]
[BlackElo "2003"]
[PlyCount "40"]
[EventDate "2004.04.??"]
[EventType "swiss"]
[EventRounds "11"]
[EventCountry "GER"]
[SourceTitle "EXT 2005"]
[Source "ChessBase"]
[SourceDate "2004.11.15"]
[SourceVersion "1"]
[SourceVersionDate "2004.11.15"]
[SourceQuality "1"]

1. Nf3 Nf6 2. b3 b6 3. Bb2 Bb7 4. e3 e6 5. Be2 Be7 6. 0-0 0-0 7. c4 c5 8. Nc3 Nc6 9. d4 cxd4 10. Nxd4 d5 11. Nxc6 Bxc6 12. Bf3 Rc8 13. cxd5 Nxd5 14. Nxd5 Bxd5 15. Bxd5 Qxd5 16. Qxd5 exd5 17. Rac1 f6 18. Rfd1 Rfd8 19. Kf1 Kf7 20. Ke2 Ke6 1/2-1/2

[Event "Hessen-ch VM"]
[Site "Moerlenbach"]
[Date "2004.04.03"]
[Round "4"]
[White "Von Kiedrowski, Klemens"]
[Black "Kopp, Peter"]
[Result "0-1"]
[WhiteElo "2089"]
[BlackElo "2136"]
[PlyCount "120"]
[EventDate "2004.04.??"]
[EventType "swiss"]
[EventRounds "11"]
[EventCountry "GER"]
[SourceTitle "EXT 2005"]
[Source "ChessBase"]
[SourceDate "2004.11.15"]
[SourceVersion "1"]
[SourceVersionDate "2004.11.15"]
[SourceQuality "1"]

1. d4 Nf6 2. Nc3 d5 3. Bg5 Nbd7 4. f3 c6 5. Qd2 e6 6. e3 Bb4 7. a3 Qa5 8. Nge2 0-0 9. 0-0-0 Be7 10. Ne4 Qd8 11. Nxf6+ Nxf6 12. h4 b5 13. g4 Qb6 14. Ng3 b4 15. a4 b3 16. cxb3 Qxb3 17. Qc2 Qxc2+ 18. Kxc2 a5 19. Bf4 Ba6 20. Kb1 Rfc8 21. Rc1 Nd7 22. Bxa6 Rxa6 23. Ne2 Rb6 24. Ka2 f6 25. Nc3 Re8 26. Bg3 Kf7 27. Rhe1 Bb4 28. Re2 e5 29. dxe5 fxe5 30. f4 e4 31. Rec2 Nc5 32. Ne2 Nd3 33. Rd1 c5 34. Nc3 Bxc3 35. bxc3 c4 36. f5 Re7 37. Rb1 Rxb1 38. Kxb1 Rb7+ 39. Ka2 Nc5 40. Be5 Nd3 41. Bd4 g6 42. fxg6+ Kxg6 43. Ka1 Rf7 44. Bb6 h6 45. Ka2 Rb7 46. Bd4 h5 47. g5 Kf5 48. Bf6 Nc5 49. Bd4 Nd3 50. Bf6 Rb8 51. Be7 Ke6 52. Bf6 Ne1 53. Rh2 Nf3 54. Rh1 Kf5 55. Rb1 Rxb1 56. Kxb1 Nxh4 57. Bd8 Ng2 58. Bxa5 Nxe3 59. Bc7 d4 60. cxd4 Nd5 0-1

[Event "Hessen-ch VM"]
[Site "Moerlenbach"]
[Date "2004.04.02"]
[Round "2"]
[White "Fischer, Ludwig"]
[Black "Von Kiedrowski, Klemens"]
[Result "1/2-1/2"]
[WhiteElo "2161"]
[BlackElo "2089"]
[PlyCount "21"]
[EventDate "2004.04.??"]
[EventType "swiss"]
[EventRounds "11"]
[EventCountry "GER"]
[SourceTitle "EXT 2005"]
[Source "ChessBase"]
[SourceDate "2004.11.15"]
[SourceVersion "1"]
[SourceVersionDate "2004.11.15"]
[SourceQuality "1"]

1. e4 c5 2. d3 g6 3. g3 d5 4. Nd2 Bg7 5. Bg2 e6 6. Ngf3 Nc6 7. 0-0 Nge7 8. c3 0-0 9. Re1 b6 10. Qc2 a5 11. a4 1/2-1/2

[Event "Bad Zwesten op 8th"]
[Site "Bad Zwesten"]
[Date "2004.01.02"]
[Round "1"]
[White "Fink, Tamino"]
[Black "Von Kiedrowski, Klemens"]
[Result "0-1"]
[WhiteElo "1249"]
[BlackElo "2089"]
[PlyCount "34"]
[EventDate "2004.01.??"]
[EventType "swiss"]
[EventRounds "9"]
[EventCountry "GER"]
[SourceTitle "CBM 098 Extra"]
[Source "ChessBase"]
[SourceDate "2004.03.10"]
[SourceVersion "2"]
[SourceVersionDate "2004.03.10"]
[SourceQuality "1"]

1. e4 c5 2. Nf3 a6 3. Nc3 b5 4. d4 cxd4 5. Nxd4 Bb7 6. Bf4 d6 7. Ncxb5 axb5 8. Bxb5+ Nd7 9. Bd3 e5 10. Bg3 exd4 11. Bc4 Qa5+ 12. Ke2 Ne5 13. Qxd4 Nxc4 14. b3 Ne5 15. Rad1 Nf6 16. b4 Qb5+ 17. Ke1 Bxe4 0-1

[Event "Hessen-chB"]
[Site "Kaufungen"]
[Date "2003.04.16"]
[Round "8"]
[White "Von Kiedrowski, Klemens"]
[Black "Just, Fred"]
[Result "0-1"]
[WhiteElo "2053"]
[BlackElo "2206"]
[PlyCount "80"]
[EventDate "2003.04.11"]
[EventType "swiss"]
[EventRounds "11"]
[EventCountry "GER"]
[SourceTitle "EXT 2004"]
[Source "ChessBase"]
[SourceDate "2003.11.25"]
[SourceVersion "1"]
[SourceVersionDate "2003.11.25"]
[SourceQuality "1"]

1. Nc3 d5 2. e4 dxe4 3. Nxe4 Nd7 4. Bc4 e6 5. Nf3 Ngf6 6. Nxf6+ Nxf6 7. d4 Be7 8. 0-0 0-0 9. Qe2 b6 10. Bf4 Bb7 11. Rad1 Nd5 12. Bg3 Bf6 13. Ne5 g6 14. Bb5 a6 15. Bc6 Bxc6 16. Nxc6 Qd7 17. Ne5 Qc8 18. c4 Ne7 19. Qf3 Bg7 20. Rfe1 Nf5 21. Nc6 Qd7 22. Be5 f6 23. Bg3 Rae8 24. b3 a5 25. Kf1 h5 26. d5 e5 27. h3 Rf7 28. c5 Bf8 29. cxb6 cxb6 30. Bh2 Bc5 31. Qd3 Kh7 32. Bxe5 fxe5 33. Nxe5 Rxe5 34. Rxe5 Qd6 35. Rde1 Qf6 36. R1e2 Qg5 37. Kg1 Qc1+ 38. Re1 Qf4 39. R1e2 Ng3 40. Re6 Nxe2+ 0-1

[Event "Baunatal op 8th"]
[Site "Baunatal"]
[Date "2002.08.11"]
[Round "5"]
[White "Von Kiedrowski, Klemens"]
[Black "Brethauer, Sarah"]
[Result "1-0"]
[WhiteElo "2043"]
[BlackElo "1715"]
[PlyCount "55"]
[EventDate "2002.08.09"]
[EventType "swiss"]
[EventRounds "7"]
[EventCountry "GER"]
[SourceTitle "EXT 2003"]
[Source "ChessBase"]
[SourceDate "2002.11.25"]
[SourceVersion "1"]
[SourceVersionDate "2002.11.25"]
[SourceQuality "1"]

1. d4 Nf6 2. Nf3 e6 3. Bg5 Be7 4. c4 b6 5. Nc3 Bb7 6. e3 0-0 7. Bd3 d5 8. Bxf6 Bxf6 9. cxd5 exd5 10. Qb3 Qd7 11. Qc2 g6 12. b4 Qe7 13. Qb3 Rd8 14. Rb1 c6 15. 0-0 Bg7 16. Rfd1 f5 17. Bf1 Nd7 18. b5 Nf6 19. bxc6 Bxc6 20. Rdc1 Bb7 21. a4 Rd7 22. Ne5 Rc7 23. Nb5 Rxc1 24. Rxc1 Ne8 25. Nc6 Bxc6 26. Rxc6 Qd7 27. Rd6 Nxd6 28. Qxd5+ 1-0

[Event "Baunatal op 8th"]
[Site "Baunatal"]
[Date "2002.08.10"]
[Round "4"]
[White "Porth, Hartmut"]
[Black "Von Kiedrowski, Klemens"]
[Result "1-0"]
[WhiteElo "2169"]
[BlackElo "2043"]
[PlyCount "67"]
[EventDate "2002.08.09"]
[EventType "swiss"]
[EventRounds "7"]
[EventCountry "GER"]
[SourceTitle "EXT 2003"]
[Source "ChessBase"]
[SourceDate "2002.11.25"]
[SourceVersion "1"]
[SourceVersionDate "2002.11.25"]
[SourceQuality "1"]

1. e4 e6 2. g3 c5 3. d3 Nc6 4. f4 g6 5. Nf3 Bg7 6. Bg2 d6 7. 0-0 Nge7 8. c3 0-0 9. Be3 b6 10. Bf2 Ba6 11. Re1 d5 12. e5 Rc8 13. g4 Qd7 14. Qd2 Bb7 15. Na3 a6 16. Re2 Nb8 17. Rae1 Qa4 18. Bh4 Rfe8 19. Bxe7 Rxe7 20. f5 Ree8 21. f6 Bf8 22. c4 b5 23. Qg5 b4 24. Nc2 Qxa2 25. Ne3 h6 26. Qh4 Nc6 27. cxd5 exd5 28. Nf5 gxf5 29. gxf5 Nxe5 30. Nxe5 Kh7 31. Nxf7 Rxe2 32. Rxe2 Qb1+ 33. Bf1 d4 34. Qg3 1-0

[Event "Baunatal op 8th"]
[Site "Baunatal"]
[Date "2002.08.09"]
[Round "1"]
[White "Plietz, Burckhard"]
[Black "Von Kiedrowski, Klemens"]
[Result "0-1"]
[WhiteElo "1326"]
[BlackElo "2043"]
[PlyCount "70"]
[EventDate "2002.08.09"]
[EventType "swiss"]
[EventRounds "7"]
[EventCountry "GER"]
[SourceTitle "EXT 2003"]
[Source "ChessBase"]
[SourceDate "2002.11.25"]
[SourceVersion "1"]
[SourceVersionDate "2002.11.25"]
[SourceQuality "1"]

1. Nf3 Nf6 2. e3 b6 3. Be2 Bb7 4. 0-0 c5 5. c4 e6 6. Nc3 a6 7. d4 d5 8. Ne5 dxc4 9. Bf3 Qc7 10. Bxb7 Qxb7 11. Qf3 Qxf3 12. Nxf3 Nc6 13. Rd1 Rd8 14. dxc5 Rxd1+ 15. Nxd1 Bxc5 16. Nc3 b5 17. Bd2 Ke7 18. Re1 Rd8 19. Re2 e5 20. h3 h6 21. g4 e4 22. Ne1 Ne5 23. Nb1 b4 24. Kf1 a5 25. a3 c3 26. Bc1 Rd1 27. axb4 axb4 28. bxc3 Rxc1 29. Kg2 Rxb1 30. c4 b3 31. g5 hxg5 32. h4 gxh4 33. Kh3 Nf3 34. Nxf3 exf3 35. Rd2 Rh1# 0-1

[Event "Kassel op"]
[Site "Kassel"]
[Date "1999.05.23"]
[Round "5"]
[White "Voss, Wieland"]
[Black "Von Kiedrowski, Klemens"]
[Result "1-0"]
[WhiteElo "2225"]
[BlackElo "2020"]
[PlyCount "59"]
[EventDate "1999.05.23"]
[EventType "swiss"]
[EventRounds "7"]
[EventCountry "GER"]
[SourceTitle "EXT 2000"]
[Source "ChessBase"]
[SourceDate "1999.11.16"]
[SourceVersion "1"]
[SourceVersionDate "1999.11.16"]
[SourceQuality "1"]

1. e4 c5 2. Nf3 a6 3. d4 cxd4 4. Nxd4 Nf6 5. Nc3 e5 6. Nf3 Bb4 7. Bd2 Nc6 8. Nd5 Bxd2+ 9. Nxd2 Nxd5 10. exd5 Ne7 11. d6 Nc6 12. Bc4 0-0 13. 0-0 Kh8 14. Bd5 Qb6 15. Nc4 Qc5 16. c3 a5 17. Re1 f6 18. Qf3 Re8 19. Rad1 Ra6 20. Re4 Nd8 21. Rh4 Re6 22. Qh5 h6 23. b4 axb4 24. cxb4 Qxb4 25. Bxe6 Nxe6 26. Nxe5 Qc5 27. Qe8+ Kh7 28. Qg6+ Kg8 29. Qf7+ Kh7 30. Rxh6+ 1-0

[Event "Hessenliga 9899"]
[Site "Hessen"]
[Date "1998.??.??"]
[Round "?"]
[White "Von Kiedrowski, Klemens"]
[Black "Thomas, Norbert"]
[Result "1/2-1/2"]
[WhiteElo "2020"]
[BlackElo "2005"]
[PlyCount "83"]
[EventDate "1998.10.??"]
[EventType "team"]
[EventRounds "11"]
[EventCountry "GER"]
[SourceTitle "EXT 2000"]
[Source "ChessBase"]
[SourceDate "1999.11.16"]
[SourceVersion "1"]
[SourceVersionDate "1999.11.16"]
[SourceQuality "1"]

1. d4 Nf6 2. Nc3 d5 3. Bg5 Nbd7 4. f3 c5 5. e4 cxd4 6. Qxd4 e5 7. Qa4 d4 8. Nd5 Be7 9. Bxf6 Bxf6 10. Bb5 0-0 11. Bxd7 Bxd7 12. Nxf6+ gxf6 13. Qa3 Be6 14. Ne2 Qc7 15. Rc1 Rfd8 16. 0-0 Bc4 17. Rfe1 Bxe2 18. Rxe2 d3 19. Rd2 Qb6+ 20. Kh1 Qe3 21. Rcd1 Qxd2 22. Rxd2 dxc2 23. Qc3 Rdc8 24. Qxc2 Rxc2 25. Rxc2 Rd8 26. Kg1 Rd7 27. Kf2 Kg7 28. Ke3 Kg6 29. f4 exf4+ 30. Kxf4 a6 31. b3 Re7 32. Rc3 Kg7 33. Rg3+ Kf8 34. Rh3 Kg7 35. Rg3+ Kf8 36. Rh3 Kg7 37. Rc3 Rd7 38. Rg3+ Kf8 39. Kf5 Rd2 40. Kxf6 Rxa2 41. h4 Rf2+ 42. Ke5 1/2-1/2